Jurisprudence (Legal Theory)/ (Record no. 1367472)

MARC details
000 -LEADER
fixed length control field 00588nam a22002057a 4500
005 - DATE AND TIME OF LATEST TRANSACTION
control field 20260313152835.0
008 - FIXED-LENGTH DATA ELEMENTS--GENERAL INFORMATION
fixed length control field 250508b |||||||| |||| 00| 0 eng d
037 ## - SOURCE OF ACQUISITION
Terms of availability TB
040 ## - CATALOGING SOURCE
Original cataloging agency lCT
Transcribing agency lCT
084 ## - COLON CLASSIFICATION NUMBER
Classification number Z2,91 K8;Q2
100 ## - MAIN ENTRY--PERSONAL NAME
Personal name Tripathi, B.N. Mani
9 (RLIN) 1132044
245 ## - TITLE STATEMENT
Title Jurisprudence (Legal Theory)/
250 ## - EDITION STATEMENT
Edition statement 19th ed.
260 ## - PUBLICATION, DISTRIBUTION, ETC.
Place of publication, distribution, etc. Faridabad, India:
Name of publisher, distributor, etc. Allahabad Law Agency,
Date of publication, distribution, etc. 2015
300 ## - PHYSICAL DESCRIPTION
Extent xxxii, 544p.
650 ## - SUBJECT ADDED ENTRY--TOPICAL TERM
Topical term or geographic name entry element Law
650 ## - SUBJECT ADDED ENTRY--TOPICAL TERM
Topical term or geographic name entry element Jurisprudence
9 (RLIN) 754938
650 ## - SUBJECT ADDED ENTRY--TOPICAL TERM
Topical term or geographic name entry element Legal Theory
942 ## - ADDED ENTRY ELEMENTS (KOHA)
Source of classification or shelving scheme Colon Classification (CC)
Koha item type Textbook
Classification part Z2,91 K8;Q2
Suppress in OPAC No
Holdings
Withdrawn status Lost status Source of classification or shelving scheme Damaged status Not for loan Collection Home library Current library Shelving location Date acquired Source of acquisition Cost, normal purchase price Inventory number Total Checkouts Full call number Barcode Date last seen Price effective from Koha item type
    Colon Classification (CC)     Non-fiction Law Centre-II Library Law Centre-II Library General Stacks 2025-05-08 Prolific Publication 415.00 148/19.02.2016   Z2,91 K8;Q2 LT0025413 2025-05-08 2025-05-08 Textbook
    Colon Classification (CC)     Non-fiction Law Centre-II Library Law Centre-II Library General Stacks 2025-05-08 Prolific Publication 415.00 148/19.02.2016   Z2,91 K8;Q2:1 LT0025414 2025-05-08 2025-05-08 Textbook
    Colon Classification (CC)     Non-fiction Law Centre-II Library Law Centre-II Library General Stacks 2025-05-08 Prolific Publication 415.00 148/19.02.2016   Z2,91 K8;Q2:2 LT0025415 2025-05-08 2025-05-08 Textbook
    Colon Classification (CC)     Non-fiction Law Centre-II Library Law Centre-II Library General Stacks 2025-05-08 Prolific Publication 415.00 148/19.02.2016   Z2,91 K8;Q2:3 LT0025416 2025-05-08 2025-05-08 Textbook
    Colon Classification (CC)     Non-fiction Law Centre-II Library Law Centre-II Library General Stacks 2025-05-08 Prolific Publication 415.00 148/19.02.2016   Z2,91 K8;Q2:4 LT0025417 2025-05-08 2025-05-08 Textbook
Copyright @ Delhi University Library System